000 00729nmm a2200253 a 4500
003 AR-BaBNM
005 20251128211837.0
008 316120s2004 ||||||||||||||000 | spa||
020 _a950-808-430-8
040 _cAR-BaBNM
100 1 _aMansione, Isabel
245 1 0 _aLas tensiones entre la formación y la práctica docente
_bla experiencia emocional del docente
260 _aRosario
_bHomo Sapiens Ediciones
_c2004
300 0 _a174 p.
504 _aContiene referencias bibliográficas
650 4 _aFORMACION DE DOCENTES
650 4 _aPRACTICA DOCENTE
650 4 _aROL DEL DOCENTE
650 4 _aEMOCIONES
650 4 _aPSICOANALISIS
653 0 _aRELACION PEDAGOGICA
942 _cBK
998 _cme-solo cat
999 _c21356
_d21356